Normal view
MARC view
- SUPERVISOR Dr.Khurram KamalSiddiqui Lec.Tayyab Zafar
Entry Personal Name
001 - CONTROL NUMBER
- control field: 70957
003 - CONTROL NUMBER IDENTIFIER
- control field: NUST
005 - DATE AND TIME OF LATEST TRANSACTION
- control field: 20210628204554.0
008 - FIXED-LENGTH DATA ELEMENTS
- fixed length control field: 210628|| aca||aabn | a|a d
040 ## - CATALOGING SOURCE
- Original cataloging agency: NUST
- Transcribing agency: NUST
100 ## - HEADING--PERSONAL NAME
- Personal name: SUPERVISOR Dr.Khurram KamalSiddiqui Lec.Tayyab Zafar
670 ## - SOURCE DATA FOUND
- Source citation: Work cat.: (NUST): PC Muhammad Hassan Iqbal NC Muhammad Faizan Iqbal Masood 70956, PR-SOF-1576-DEVELOPMENT OF LOWCOST SOLUTION FOR TREE COUNTING USING UAV, 2017
